|
|
|
|
| LEADER |
00000nam0a2200000 4500 |
| 001 |
675059 |
| 005 |
20241001130744.0 |
| 035 |
|
|
|a (RuTPU)RU\TPU\retro\23951
|
| 035 |
|
|
|a RU\TPU\book\335751
|
| 090 |
|
|
|a 675059
|
| 100 |
|
|
|a 20241001d1978 k||y0rusy5003 ca
|
| 101 |
0 |
|
|a rus
|
| 102 |
|
|
|a RU
|
| 105 |
|
|
|a a z 001yy
|
| 181 |
|
0 |
|a i
|b e
|
| 182 |
|
0 |
|a n
|
| 183 |
|
0 |
|a nc
|2 RDAcarrier
|
| 200 |
1 |
|
|a Динамика и прочность механических систем
|e межвузовский сборник научных трудов
|f Пермский политехнический институт
|
| 203 |
|
|
|a Текст
|b визуальный
|c непосредственный
|
| 210 |
|
|
|a Пермь
|c Изд-во Пермского политехнического ин-та
|d 1978
|
| 215 |
|
|
|a 144 с.
|c ил.
|
| 283 |
|
|
|a volume
|2 RDAcarrier
|
| 320 |
|
|
|a Библиография в конце статей
|
| 606 |
1 |
|
|a Механические системы
|x Динамика
|2 stltpush
|3 (RuTPU)RU\TPU\subj\67689
|9 83398
|
| 610 |
1 |
|
|a элементы
|
| 610 |
1 |
|
|a машины
|
| 610 |
1 |
|
|a долговечность
|
| 610 |
1 |
|
|a надежность
|
| 610 |
1 |
|
|a повышение
|
| 610 |
1 |
|
|a узлы
|
| 610 |
1 |
|
|a конструкции
|
| 610 |
1 |
|
|a совершенствование
|
| 610 |
1 |
|
|a материалы
|
| 610 |
1 |
|
|a стационарное нагружение
|
| 610 |
1 |
|
|a нестационарное нагружение
|
| 610 |
1 |
|
|a усталостная прочность
|
| 610 |
1 |
|
|a экспериментальные исследования
|
| 675 |
|
|
|a 621.01:531.3
|v 4
|
| 712 |
0 |
2 |
|a Пермский политехнический институт
|c (1960-1992)
|3 (RuTPU)RU\TPU\col\7911
|9 24415
|4 570
|
| 801 |
|
0 |
|a RU
|b 63413507
|c 20241001
|
| 830 |
|
|
|a Ретро2024Каталогизация Шило
|
| 850 |
|
|
|a 63413507
|
| 942 |
|
|
|c BK
|